Entropy, large deviations and statistical mechanics

Αποθηκεύτηκε σε:
Λεπτομέρειες βιβλιογραφικής εγγραφής
Κύριος συγγραφέας: Ellis, Richard S. (Richard Steven), 1947-
Μορφή: Βιβλίο
Γλώσσα:English
Δημοσίευση: Berlin ; New York : Springer-Verlag, 2006, c1985
Σειρά:Grundlehren der mathematischen wissenschaften
Classics in mathematics
Θέματα:
Ετικέτες: Προσθήκη ετικέτας
Δεν υπάρχουν, Καταχωρήστε ετικέτα πρώτοι!

MARC

LEADER 00000cam a2200000 i 4500
001 1/31420
008 941103s19852006 eng d
020 |a 3-540-29059-1 
020 |a 0-387-96052-X 
035 |a 1990  |c ΜΑΡΑΣ  |l 10038824 
040 |a GR-MY-UA  |b gre  |e aacr 
041 0 |a eng 
082 0 |a 530.13 
100 1 |a Ellis, Richard S.   |q (Richard Steven),   |d 1947- 
245 1 0 |a Entropy, large deviations and statistical mechanics /  |c Richard S. Ellis 
260 |a Berlin ; New York :   |b Springer-Verlag,   |c 2006, c1985 
300 |a xiv, 364 σ.;  |b εικ.;  |c 24 εκ. 
490 1 |a Grundlehren der mathematischen Wissenschafte  |v ; 271 
490 1 |a Classics in mathematics 
500 |a Το αντίτυπο 3 είναι επανεκτύπωση 2006. 
504 |a Βιβλιογραφία: σ.[338]-351. Ετρετήριο 
650 0 0 |a Statistical mechanics. 
650 0 0 |a Entropy. 
650 0 0 |a Large deviations. 
830 0 |a Grundlehren der mathematischen wissenschaften 
830 0 |a Classics in mathematics 
852 |a INST  |b SAMOS  |e 19941103  |h 530.13 ELL  |p 005300003999  |q 005300003999  |t BK  |y 0 
852 |a INST  |b SAMOS  |e 19960523  |h 530.13 ELL  |p 005300005111  |q 005300005111  |t BK  |y 0 
852 |a INST  |b SAMOS  |e 20080114  |h 530.13 ELL  |p 005300027193  |q 005300027193  |t BK  |y 0 
901 |a BIBL3-2008-1 
909 |a Σ  |b 143418 
909 |a Σ  |b 018173 
909 |a Σ  |b 039271 
922 |a 3ΕΛΗ  |b 200712  |c ΕΠΕΑΕΚ2/ΤΣΑΕ  |d ΕΛΕΥΘΕΡΟΥΔΑΚΗΣ 
970 |a ΚΟΣΙΕΡΗΣ  |b ΧΡΗΣΤΟΣ  |z 2008/01/14